Economics of land reform and farm and farm size in (Record no. 516317)
[ view plain ]
| 000 -LEADER | |
|---|---|
| fixed length control field | 00766nam a2200241Ia 4500 |
| 003 - CONTROL NUMBER IDENTIFIER | |
| control field | OSt |
| 005 - DATE AND TIME OF LATEST TRANSACTION | |
| control field | 20220925190853.0 |
| 008 - FIXED-LENGTH DATA ELEMENTS--GENERAL INFORMATION | |
| fixed length control field | 220923b |||||||| |||| 00| 0 eng d |
| 037 ## - SOURCE OF ACQUISITION | |
| Terms of availability | General Book |
| 040 ## - CATALOGING SOURCE | |
| Original cataloging agency | RTL |
| Transcribing agency | RTL |
| Language of cataloging | eng |
| 041 ## - LANGUAGE CODE | |
| Source of code | eng |
| Language code of text/sound track or separate title | eng |
| 100 ## - MAIN ENTRY--PERSONAL NAME | |
| Personal name | Khusro A M |
| 9 (RLIN) | 92532 |
| 245 #0 - TITLE STATEMENT | |
| Title | Economics of land reform and farm and farm size in |
| 260 ## - PUBLICATION, DISTRIBUTION, ETC. | |
| Place of publication, distribution, etc. | Bomany |
| Name of publisher, distributor, etc. | Macmillan India |
| Date of publication, distribution, etc. | 1973 |
| 300 ## - PHYSICAL DESCRIPTION | |
| Extent | xi, 162p. Bibliography P 160-62, Appendix P 139-158 |
| Dimensions | cm. |
| 490 ## - SERIES STATEMENT | |
| Series statement | Institute of economic Growth, studies in economic growth |
| 650 ## - SUBJECT ADDED ENTRY--TOPICAL TERM | |
| Topical term or geographic name entry element | Land Reforms Industry |
| 942 ## - ADDED ENTRY ELEMENTS (KOHA) | |
| Classification part | X9(J):(Z).2.N6, L3 |
| Koha item type | General Books |
| Source of classification or shelving scheme | Colon Classification (CC) |
No items available.
